[Event "Mitropa Cup 21st"]
[Site "Leipzig"]
[Date "2002.05.05"]
[Round "3.2"]
[White "Moser, Eva"]
[Black "Jenni, Florian"]
[Result "0-1"]
[WhiteElo "2311"]
[BlackElo "2508"]
[PlyCount "120"]
[EventDate "2002.05.03"]
[EventType "team-tourn"]
[EventRounds "9"]
[EventCountry "GER"]
[SourceTitle "CBM 089"]
[Source "ChessBase"]
[SourceDate "2002.08.12"]
[SourceVersion "1"]
[SourceVersionDate "2002.08.12"]
[SourceQuality "1"]
[WhiteTeam "Austria"]
[BlackTeam "Switzerland"]
[WhiteTeamCountry "AUT"]
[BlackTeamCountry "SUI"]

1. g3 e5 2. Bg2 d5 3. d3 Nc6 4. Nd2 Be6 5. Ngf3 f6 6. c3 Qd7 7. b4 Rd8 8. Bb2
Nge7 9. h4 Nf5 10. a3 Be7 11. e4 Nh6 12. Qe2 O-O 13. Rd1 a6 14. O-O Bg4 15.
exd5 Qxd5 16. Nc4 Qd7 17. Rfe1 Rfe8 18. Bc1 Nf7 19. Kh2 f5 20. Qa2 Bf6 21. Ne3
Bh5 22. a4 Kh8 23. b5 axb5 24. axb5 Ne7 25. Qb3 Nh6 26. Nc4 Ng4+ 27. Kg1 Ng6
28. Bg5 f4 29. Rd2 h6 30. Bxf6 gxf6 31. Nh2 Nxf2 32. Rxf2 fxg3 33. Rxf6 gxh2+
34. Kh1 Qxd3 35. Be4 Qg3 36. Qb1 Rf8 37. Rxf8+ Rxf8 38. Rf1 Nf4 39. Qe1 Qg7 40.
Ne3 Bg6 41. Bxb7 Bd3 42. Rf3 Bxb5 43. Rg3 Qe7 44. Ng4 Ne2 45. Rg2 Rf1+ 46. Qxf1
Ng3+ 47. Rxg3 Bxf1 48. Nxh6 Qf6 49. Ng8 Qxh4 50. Rg6 Qe1 51. Kxh2 Bd3 52. Rg3
Bh7 53. Ne7 e4 54. Nd5 Qd2+ 55. Rg2 Qh6+ 56. Kg1 c6 57. Nb4 Qe3+ 58. Kh2 Qf4+
59. Kg1 Qc1+ 60. Kh2 Qxc3 0-1

[Event "Mitropa Cup 21st"]
[Site "Leipzig"]
[Date "2002.05.04"]
[Round "2.2"]
[White "Gross, David"]
[Black "Moser, Eva"]
[Result "1-0"]
[WhiteElo "2472"]
[BlackElo "2311"]
[PlyCount "116"]
[EventDate "2002.05.03"]
[EventType "team-tourn"]
[EventRounds "9"]
[EventCountry "GER"]
[SourceTitle "CBM 089"]
[Source "ChessBase"]
[SourceDate "2002.08.12"]
[SourceVersion "1"]
[SourceVersionDate "2002.08.12"]
[SourceQuality "1"]
[WhiteTeam "Czech Republic"]
[BlackTeam "Austria"]
[WhiteTeamCountry "CZE"]
[BlackTeamCountry "AUT"]

1. e4 c5 2. Nf3 Nc6 3. Nc3 e5 4. Bc4 d6 5. d3 Be7 6. h3 Be6 7. O-O Nd4 8. Nd5
Nf6 9. Nxd4 cxd4 10. Nxf6+ Bxf6 11. Bxe6 fxe6 12. Qh5+ g6 13. Qg4 Qe7 14. c3
dxc3 15. bxc3 O-O-O 16. Be3 Kb8 17. Rfb1 h5 18. Qd1 Bg5 19. Rxb7+ Kxb7 20. Rb1+
Kc8 21. Bxg5 Qxg5 22. Qa4 Qe7 23. Qa6+ Kd7 24. Qb5+ Kc8 25. Qb8+ Kd7 26. Qb5+
Kc8 27. Qa6+ Kd7 28. Rb7+ Ke8 29. Rxe7+ Kxe7 30. Qxa7+ Rd7 31. Qe3 Ra8 32. Qh6
Kf6 33. g4 hxg4 34. hxg4 Rg7 35. g5+ Kf7 36. Qh3 Rxa2 37. Qf3+ Kg8 38. Qf6 Rf7
39. Qxg6+ Kf8 40. Qh6+ Ke7 41. Qh4 Rf4 42. Qg3 Kf7 43. f3 Rd2 44. g6+ Kg7 45.
Qh3 Kxg6 46. Qxe6+ Rf6 47. Qg4+ Kf7 48. Qd7+ Kg6 49. Qe8+ Kg7 50. Qe7+ Kg6 51.
Qe8+ Kg7 52. Qb5 Kf8 53. Qa6 Kg7 54. Qc4 Kf8 55. d4 Rxf3 56. Qc8+ Ke7 57. Qc7+
Ke8 58. Qxd6 exd4 1-0

[Event "Mitropa Cup 21st"]
[Site "Leipzig"]
[Date "2002.05.03"]
[Round "1.2"]
[White "Moser, Eva"]
[Black "Touzane, Olivier"]
[Result "1-0"]
[WhiteElo "2311"]
[BlackElo "2352"]
[PlyCount "123"]
[EventDate "2002.05.03"]
[EventType "team-tourn"]
[EventRounds "9"]
[EventCountry "GER"]
[SourceTitle "CBM 089"]
[Source "ChessBase"]
[SourceDate "2002.08.12"]
[SourceVersion "1"]
[SourceVersionDate "2002.08.12"]
[SourceQuality "1"]
[WhiteTeam "Austria"]
[BlackTeam "France"]
[WhiteTeamCountry "AUT"]
[BlackTeamCountry "FRA"]

1. g3 c5 2. Bg2 g6 3. e4 Bg7 4. f4 d6 5. Nf3 Nf6 6. Nc3 Nc6 7. O-O Rb8 8. h3 b5
9. d3 b4 10. Ne2 a5 11. Be3 a4 12. g4 Bxg4 13. hxg4 Nxg4 14. Bd2 Bxb2 15. Rb1
Bg7 16. Nh2 h5 17. f5 Nce5 18. fxg6 fxg6 19. c3 Nxd3 20. Nxg4 hxg4 21. Qxa4+
Qd7 22. Qb3 e6 23. Be3 Be5 24. Bf4 Rc8 25. Bxe5 dxe5 26. Qc2 c4 27. Rf6 Ke7 28.
Rbf1 Qa7+ 29. Nd4 Rcf8 30. Rxe6+ Kd7 31. Rff6 Rxf6 32. Rxf6 Kc8 33. Rc6+ Kb8
34. Rxc4 exd4 35. Qxd3 dxc3+ 36. Qd4 Qxd4+ 37. Rxd4 Rc8 38. Rxb4+ Kc7 39. Rb1
Kd6 40. Kf2 Ke5 41. Ke3 c2 42. Rc1 Rc3+ 43. Kd2 Rg3 44. Bh1 Rh3 45. Kxc2 g5 46.
Rf1 g3 47. Bg2 Rh2 48. Rg1 Kd4 49. Kd2 Rh6 50. Ke2 g4 51. Rd1+ Ke5 52. Rd5+ Ke6
53. Rd3 Ke5 54. Rxg3 Kf4 55. Rc3 Rb6 56. Rc2 Kg3 57. Ke3 Rb1 58. e5 Re1+ 59.
Re2 Rd1 60. Ke4 Kh2 61. Bf3+ Kh3 62. Rh2+ 1-0

[Event "GER-ch U20 int"]
[Site "Augsburg"]
[Date "2002.04.10"]
[Round "11"]
[White "Moser, Eva"]
[Black "Baramidze, David"]
[Result "1/2-1/2"]
[WhiteElo "2339"]
[BlackElo "2328"]
[PlyCount "124"]
[EventDate "2002.04.02"]
[EventType "tourn"]
[EventRounds "11"]
[EventCountry "GER"]
[EventCategory "5"]
[SourceTitle "CBM 087 Extra"]
[Source "ChessBase"]
[SourceDate "2002.05.03"]
[SourceVersion "2"]
[SourceVersionDate "2002.08.09"]
[SourceQuality "1"]

1. g3 c5 2. Bg2 g6 3. e4 Bg7 4. f4 d6 5. Nf3 Nc6 6. O-O Nf6 7. Nc3 Bg4 8. h3
Bxf3 9. Bxf3 O-O 10. Ne2 Nd7 11. c3 Rb8 12. Kh2 e6 13. d3 b5 14. e5 d5 15. Be3
b4 16. c4 Ne7 17. d4 Nf5 18. Bf2 dxc4 19. dxc5 Rc8 20. Rc1 Nxc5 21. Rxc4 Qd3
22. Qxd3 Nxd3 23. Rxc8 Rxc8 24. Bxa7 Nxb2 25. Rc1 Rxc1 26. Nxc1 g5 27. Be4 gxf4
28. gxf4 Nd1 29. Bxf5 exf5 30. Bc5 f6 31. e6 Nc3 32. Bxb4 Nd5 33. Nd3 Bf8 34.
a3 Bxb4 35. Nxb4 Nxf4 36. e7 Kf7 37. Nc6 Ke8 38. a4 Nd5 39. Kg3 Kd7 40. a5 Nc7
41. Nd4 Kxe7 42. Kf4 Kd6 43. Kxf5 Kd5 44. Nf3 Ne8 45. h4 Kc5 46. Ke6 Kb5 47.
Ke7 Nc7 48. Kxf6 Kxa5 49. Kg7 h5 50. Kg6 Kb6 51. Kxh5 Kc6 52. Kg6 Ne6 53. Kf6
Nf4 54. Kf5 Nh5 55. Kg5 Ng3 56. Nd2 Kd7 57. Kg4 Ne2 58. h5 Ke6 59. Kg5 Kf7 60.
Nf3 Ng3 61. Ne5+ Kg7 62. h6+ Kh7 1/2-1/2

[Event "GER-ch U20 int"]
[Site "Augsburg"]
[Date "2002.04.09"]
[Round "10"]
[White "L'Ami, Erwin"]
[Black "Moser, Eva"]
[Result "1/2-1/2"]
[WhiteElo "2353"]
[BlackElo "2339"]
[PlyCount "60"]
[EventDate "2002.04.02"]
[EventType "tourn"]
[EventRounds "11"]
[EventCountry "GER"]
[EventCategory "5"]
[SourceTitle "CBM 087 Extra"]
[Source "ChessBase"]
[SourceDate "2002.05.03"]
[SourceVersion "2"]
[SourceVersionDate "2002.08.09"]
[SourceQuality "1"]

1. e4 c5 2. Nf3 Nc6 3. d4 cxd4 4. Nxd4 Nf6 5. Nc3 e5 6. Ndb5 d6 7. Bg5 a6 8.
Na3 b5 9. Nd5 Be7 10. Bxf6 Bxf6 11. c3 Rb8 12. Nc2 Bg5 13. a4 bxa4 14. Ncb4 Bd7
15. Bxa6 Nxb4 16. cxb4 O-O 17. O-O Bc6 18. Rxa4 Bxa4 19. Qxa4 f5 20. exf5 Rxf5
21. Bd3 Rf8 22. b5 Qd7 23. Qe4 g6 24. g3 Bd8 25. f4 Bb6+ 26. Nxb6 Rxb6 27. fxe5
Rxf1+ 28. Bxf1 dxe5 29. Qxe5 h6 30. h4 h5 1/2-1/2

[Event "GER-ch U20 int"]
[Site "Augsburg"]
[Date "2002.04.08"]
[Round "9"]
[White "Moser, Eva"]
[Black "Bromberger, Stefan"]
[Result "1/2-1/2"]
[WhiteElo "2339"]
[BlackElo "2407"]
[PlyCount "56"]
[EventDate "2002.04.02"]
[EventType "tourn"]
[EventRounds "11"]
[EventCountry "GER"]
[EventCategory "5"]
[SourceTitle "CBM 087 Extra"]
[Source "ChessBase"]
[SourceDate "2002.05.03"]
[SourceVersion "2"]
[SourceVersionDate "2002.08.09"]
[SourceQuality "1"]

1. e4 c5 2. c3 d6 3. d4 Nf6 4. dxc5 Nc6 5. f3 d5 6. exd5 Nxd5 7. Bc4 e6 8. Bxd5
exd5 9. Be3 Qh4+ 10. g3 Qh5 11. Na3 Be6 12. Nb5 O-O-O 13. Qa4 a6 14. O-O-O g5
15. Nd6+ Bxd6 16. cxd6 Rxd6 17. g4 Qg6 18. Ne2 Re8 19. Bc5 Rd7 20. Nd4 Ne5 21.
Qc2 Qxc2+ 22. Kxc2 b6 23. Ba3 Nc4 24. Rde1 Nxa3+ 25. bxa3 Kc7 26. h4 h6 27.
hxg5 hxg5 28. Re5 Kd6 1/2-1/2

[Event "GER-ch U20 int"]
[Site "Augsburg"]
[Date "2002.04.07"]
[Round "8"]
[White "Van der Weide, Karel"]
[Black "Moser, Eva"]
[Result "0-1"]
[WhiteElo "2454"]
[BlackElo "2339"]
[PlyCount "89"]
[EventDate "2002.04.02"]
[EventType "tourn"]
[EventRounds "11"]
[EventCountry "GER"]
[EventCategory "5"]
[SourceTitle "CBM 087 Extra"]
[Source "ChessBase"]
[SourceDate "2002.05.03"]
[SourceVersion "2"]
[SourceVersionDate "2002.08.09"]
[SourceQuality "1"]

1. e4 e6 2. d4 d5 3. Nc3 Bb4 4. e5 c5 5. a3 Bxc3+ 6. bxc3 Qa5 7. Bd2 Qa4 8. Qg4
Kf8 9. Qd1 b6 10. h4 Nc6 11. Nf3 Ba6 12. h5 Bxf1 13. Kxf1 h6 14. Rh4 Nge7 15.
Rf4 cxd4 16. cxd4 Kg8 17. Kg1 Rc8 18. Qb1 Nf5 19. c3 Na5 20. g4 Ne7 21. Qb4
Qxb4 22. axb4 Nac6 23. Nh4 a5 24. bxa5 Nxa5 25. Bc1 Nb3 26. Rb1 Rxc3 27. Be3
Nc6 28. Rb2 Nca5 29. Bd2 Nxd2 30. Rxd2 Rc7 31. Rd3 Nc4 32. Ng6 fxg6 33. hxg6 h5
34. g5 h4 35. Rdf3 Rc8 36. Kh2 Rh5 37. Rg4 b5 38. Rf7 Rb8 39. f4 Ne3 40. Rg1 h3
41. Re7 Rh4 42. Rxe6 Rxf4 43. Kxh3 b4 44. Rb1 b3 45. Rb2 0-1

[Event "GER-ch U20 int"]
[Site "Augsburg"]
[Date "2002.04.07"]
[Round "7"]
[White "Moser, Eva"]
[Black "Gross, David2"]
[Result "0-1"]
[WhiteElo "2339"]
[BlackElo "2463"]
[PlyCount "86"]
[EventDate "2002.04.02"]
[EventType "tourn"]
[EventRounds "11"]
[EventCountry "GER"]
[EventCategory "5"]
[SourceTitle "CBM 087 Extra"]
[Source "ChessBase"]
[SourceDate "2002.05.03"]
[SourceVersion "2"]
[SourceVersionDate "2002.08.09"]
[SourceQuality "1"]

1. e4 c5 2. d3 Nc6 3. g3 g6 4. Bg2 Bg7 5. f4 d6 6. Nf3 Nf6 7. O-O O-O 8. Nc3
Bg4 9. h3 Bxf3 10. Bxf3 Nd7 11. Kh2 e6 12. Ne2 Nd4 13. Bg2 b5 14. c3 Nxe2 15.
Qxe2 Rb8 16. Be3 b4 17. c4 Bd4 18. Bxd4 cxd4 19. Rf2 f6 20. h4 Kg7 21. Raf1 Qe7
22. Rf3 h6 23. Bh3 Nc5 24. h5 gxh5 25. g4 h4 26. Qf2 e5 27. f5 Kg8 28. Bg2 Qg7
29. Qxh4 Qg5 30. Qf2 Kh7 31. Rh3 Rg8 32. Rh1 Kg7 33. Kg1 Rh8 34. Bf1 Rbg8 35.
Qe1 a5 36. R1h2 h5 37. Rg2 hxg4 38. Rhg3 Kf8 39. a3 Qf4 40. axb4 axb4 41. Qa1
Ke7 42. Qa7+ Nd7 43. Qa1 Rh4 0-1

[Event "GER-ch U20 int"]
[Site "Augsburg"]
[Date "2002.04.06"]
[Round "6"]
[White "Braun, Arik"]
[Black "Moser, Eva"]
[Result "1/2-1/2"]
[WhiteElo "2286"]
[BlackElo "2339"]
[PlyCount "80"]
[EventDate "2002.04.02"]
[EventType "tourn"]
[EventRounds "11"]
[EventCountry "GER"]
[EventCategory "5"]
[SourceTitle "CBM 087 Extra"]
[Source "ChessBase"]
[SourceDate "2002.05.03"]
[SourceVersion "2"]
[SourceVersionDate "2002.08.09"]
[SourceQuality "1"]

1. d4 Nf6 2. c4 g6 3. Nc3 Bg7 4. e4 O-O 5. Be3 c6 6. f3 d5 7. cxd5 cxd5 8. e5
Nfd7 9. f4 Nb6 10. Nf3 Bg4 11. Bd3 Nc6 12. O-O e6 13. b3 f6 14. Nb5 Nc8 15. Rc1
a6 16. Nc3 fxe5 17. fxe5 N8e7 18. h3 Bxf3 19. Rxf3 Nf5 20. Bxf5 gxf5 21. Ne2
Kh8 22. Nf4 Qe8 23. Rg3 Bh6 24. Kh1 Rg8 25. Rxg8+ Qxg8 26. Nxd5 Bxe3 27. Nxe3
Rd8 28. d5 Qg5 29. Qe1 exd5 30. Rd1 f4 31. Ng4 h5 32. Nf6 Nxe5 33. Rxd5 Rxd5
34. Nxd5 f3 35. gxf3 Qf5 36. Qg3 Qb1+ 37. Qg1 Qd3 38. Ne3 Nxf3 39. Qf2 Qe4 40.
Kg2 Ne5+ 1/2-1/2

[Event "GER-ch U20 int"]
[Site "Augsburg"]
[Date "2002.04.05"]
[Round "5"]
[White "Grafl, Florian"]
[Black "Moser, Eva"]
[Result "1/2-1/2"]
[WhiteElo "2341"]
[BlackElo "2339"]
[PlyCount "103"]
[EventDate "2002.04.02"]
[EventType "tourn"]
[EventRounds "11"]
[EventCountry "GER"]
[EventCategory "5"]
[SourceTitle "CBM 087 Extra"]
[Source "ChessBase"]
[SourceDate "2002.05.03"]
[SourceVersion "2"]
[SourceVersionDate "2002.08.09"]
[SourceQuality "1"]

1. e4 c5 2. Nc3 Nc6 3. Bb5 g6 4. Bxc6 dxc6 5. f4 c4 6. Qe2 Bh6 7. g3 Be6 8. Nf3
Qb6 9. Ne5 Qc5 10. b4 Qxb4 11. a4 Qa5 12. Nxc4 Qa6 13. Ne5 Qxe2+ 14. Nxe2 Nf6
15. d3 Bg7 16. Rb1 O-O-O 17. Be3 Nd7 18. Nxd7 Rxd7 19. Bxa7 b5 20. Bc5 bxa4 21.
Kd2 Kc7 22. Bb6+ Kc8 23. Ba5 Ra7 24. Bc3 Bxc3+ 25. Kxc3 Kd7 26. Kb2 a3+ 27. Ka1
h5 28. h4 Kc7 29. c4 Rd8 30. Rb3 Bg4 31. Nc1 Rb8 32. Rh2 Rxb3 33. Nxb3 Bd1 34.
Nc1 Kb6 35. Rd2 Bf3 36. Nb3 c5 37. Kb1 Bg4 38. Kc2 Kc6 39. Kc3 Ra8 40. Ra2 f6
41. Nd2 e5 42. Nf1 exf4 43. gxf4 g5 44. fxg5 fxg5 45. hxg5 h4 46. g6 h3 47. g7
Be6 48. Nh2 Kd6 49. Nf3 Bg4 50. Nh2 Be6 51. Nf3 Bg4 52. Nh2 1/2-1/2

[Event "GER-ch U20 int"]
[Site "Augsburg"]
[Date "2002.04.04"]
[Round "3"]
[White "Langheinrich, Ferenc"]
[Black "Moser, Eva"]
[Result "0-1"]
[WhiteElo "2405"]
[BlackElo "2339"]
[PlyCount "92"]
[EventDate "2002.04.02"]
[EventType "tourn"]
[EventRounds "11"]
[EventCountry "GER"]
[EventCategory "5"]
[SourceTitle "CBM 087 Extra"]
[Source "ChessBase"]
[SourceDate "2002.05.03"]
[SourceVersion "2"]
[SourceVersionDate "2002.08.09"]
[SourceQuality "1"]

1. d4 f5 2. g4 fxg4 3. e4 d5 4. e5 Bf5 5. Bd3 Qd7 6. h3 gxh3 7. Bxf5 Qxf5 8.
Rxh3 Nc6 9. Rf3 Qe4+ 10. Be3 O-O-O 11. Nc3 Qg4 12. Nh3 e6 13. Qe2 Nh6 14. O-O-O
Nf5 15. Rg1 Qh5 16. Rg5 Qe8 17. Rfxf5 exf5 18. Rxf5 Qd7 19. Rf3 Bb4 20. Ng5
Bxc3 21. Rf7 Qe8 22. Rxg7 Bb4 23. Qg4+ Kb8 24. Nf7 Bf8 25. Nxd8 Nxd8 26. Rd7
Ne6 27. Rxd5 c6 28. Ra5 Bb4 29. Ra4 Rg8 30. Qd1 c5 31. c3 cxd4 32. cxd4 Qc6+
33. Kb1 Qe4+ 34. Ka1 Nxd4 35. a3 Qc2 36. Qxc2 Nxc2+ 37. Kb1 Nxe3 38. Rxb4 Nf5
39. Rf4 Rg5 40. Kc2 h5 41. Kd3 h4 42. Re4 Kc7 43. Rc4+ Kd7 44. f4 Rh5 45. Rc2
h3 46. Rh2 Ng3 0-1

[Event "GER-ch U20 int"]
[Site "Augsburg"]
[Date "2002.04.03"]
[Round "2"]
[White "Moser, Eva"]
[Black "Loetscher, Roland"]
[Result "1-0"]
[WhiteElo "2339"]
[BlackElo "2266"]
[PlyCount "98"]
[EventDate "2002.04.02"]
[EventType "tourn"]
[EventRounds "11"]
[EventCountry "GER"]
[EventCategory "5"]
[SourceTitle "CBM 087 Extra"]
[Source "ChessBase"]
[SourceDate "2002.05.03"]
[SourceVersion "2"]
[SourceVersionDate "2002.08.09"]
[SourceQuality "1"]

1. e4 c5 2. d3 Nc6 3. g3 g6 4. Bg2 Bg7 5. f4 e6 6. Nf3 Nge7 7. O-O O-O 8. c3 b6
9. Be3 Ba6 10. Bf2 d6 11. Re1 Qd7 12. Na3 f5 13. exf5 exf5 14. d4 Rab8 15. Qb3+
Kh8 16. Rad1 Na5 17. Qe6 Qxe6 18. Rxe6 Nc8 19. Rde1 Bd3 20. Ng5 h6 21. Nf3 Bf6
22. Nd2 Kg7 23. b4 Nb7 24. R6e3 c4 25. Naxc4 Bxc4 26. Nxc4 Nd8 27. b5 Rf7 28.
Rd3 Rc7 29. Ne3 Ne7 30. Nd5 Nxd5 31. Bxd5 Rbc8 32. c4 Nb7 33. Ra3 Na5 34. c5
dxc5 35. dxc5 Rxc5 36. Bxc5 Rxc5 37. Bc6 Nxc6 38. bxc6 a5 39. Re6 Kf7 40. Rd6
Be7 41. Rd7 Rxc6 42. Re3 Re6 43. Kf2 Kf6 44. Kf3 Rxe3+ 45. Kxe3 Bc5+ 46. Kd2 g5
47. fxg5+ Kxg5 48. Rg7+ Kf6 49. Rg8 Bg1 1-0

[Event "GER-ch U20 int"]
[Site "Augsburg"]
[Date "2002.04.03"]
[Round "1"]
[White "Rau, Hannes"]
[Black "Moser, Eva"]
[Result "0-1"]
[WhiteElo "2297"]
[BlackElo "2339"]
[PlyCount "62"]
[EventDate "2002.04.02"]
[EventType "tourn"]
[EventRounds "11"]
[EventCountry "GER"]
[EventCategory "5"]
[SourceTitle "CBM 087 Extra"]
[Source "ChessBase"]
[SourceDate "2002.05.03"]
[SourceVersion "2"]
[SourceVersionDate "2002.08.09"]
[SourceQuality "1"]

1. d4 e6 2. c4 f5 3. g3 Nf6 4. Bg2 Be7 5. Nf3 d6 6. O-O O-O 7. Nc3 Qe8 8. b3 a5
9. Bb2 Na6 10. Re1 Qh5 11. e4 fxe4 12. Nxe4 Nxe4 13. Rxe4 Bf6 14. Qd2 Bd7 15.
Ne5 dxe5 16. dxe5 Bg5 17. Qxd7 Nc5 18. Qd4 Nxe4 19. Qxe4 Rad8 20. h4 Be7 21.
Bd4 b6 22. Bh3 Rxd4 23. Qxd4 Bc5 24. Bxe6+ Kh8 25. Qg4 Qxe5 26. Rd1 Rxf2 27.
Kh1 h5 28. Qg6 Qe2 29. Rd8+ Bf8 30. Rxf8+ Rxf8 31. Bh3 Rf2 0-1

[Event "AUT-chT 0102"]
[Site "Austria"]
[Date "2002.03.10"]
[Round "11"]
[White "Neubauer, Martin"]
[Black "Moser, Eva"]
[Result "1/2-1/2"]
[WhiteElo "2428"]
[BlackElo "2339"]
[PlyCount "72"]
[EventDate "2001.10.06"]
[EventType "team-tourn"]
[EventRounds "11"]
[EventCountry "AUT"]
[SourceTitle "EXT 2003"]
[Source "ChessBase"]
[SourceDate "2002.11.25"]
[SourceVersion "1"]
[SourceVersionDate "2002.11.25"]
[SourceQuality "1"]

1. d4 f5 2. Bg5 h6 3. Bh4 g5 4. e3 Nf6 5. Bg3 d6 6. h4 Rg8 7. hxg5 hxg5 8. Nd2
Be6 9. Bd3 Qd7 10. c4 c6 11. Qc2 Na6 12. a3 Nc7 13. Ne2 Bg7 14. O-O-O b5 15. f3
Rb8 16. Bf2 bxc4 17. Nxc4 Ncd5 18. Rd2 Rh8 19. Rxh8+ Bxh8 20. Kb1 Ng8 21. Qc1
Bg7 22. Na5 c5 23. dxc5 Qa4 24. Nc4 dxc5 25. Qc2 Qa6 26. e4 fxe4 27. fxe4 Nf4
28. Nxf4 gxf4 29. Bxc5 Qb7 30. Qa4+ Kf8 31. Qxa7 Bxc4 32. Bxc4 Qxe4+ 33. Bd3
Rxb2+ 34. Rxb2 Qxd3+ 35. Ka2 Qc4+ 36. Kb1 Qd3+ 1/2-1/2

[Event "AUT-chT 0102"]
[Site "Austria"]
[Date "2002.03.09"]
[Round "10"]
[White "Moser, Eva"]
[Black "Novkovic, Milan"]
[Result "1/2-1/2"]
[WhiteElo "2339"]
[BlackElo "2383"]
[PlyCount "59"]
[EventDate "2001.10.06"]
[EventType "team-tourn"]
[EventRounds "11"]
[EventCountry "AUT"]
[SourceTitle "EXT 2003"]
[Source "ChessBase"]
[SourceDate "2002.11.25"]
[SourceVersion "1"]
[SourceVersionDate "2002.11.25"]
[SourceQuality "1"]

1. f4 d5 2. Nf3 Nf6 3. e3 Bg4 4. Be2 Nbd7 5. d4 e6 6. O-O Ne4 7. Nbd2 Ndf6 8.
Nxe4 Nxe4 9. Nd2 Nxd2 10. Bxd2 Bxe2 11. Qxe2 Qd7 12. e4 dxe4 13. Qxe4 O-O-O 14.
Be3 Be7 15. c4 f5 16. Qc2 Rhg8 17. Rad1 Kb8 18. d5 Bf6 19. Rfe1 exd5 20. Rxd5
Qc6 21. Rxf5 Rge8 22. Bf2 Rxe1+ 23. Bxe1 Qb6+ 24. Bf2 Qxb2 25. Qxb2 Bxb2 26.
Kf1 b6 27. Ke2 Kb7 28. Rf7 Kc6 29. g4 a6 30. a4 1/2-1/2

[Event "AUT-chT 0102"]
[Site "Austria"]
[Date "2002.03.08"]
[Round "9"]
[White "Wittmann, Walter"]
[Black "Moser, Eva"]
[Result "1/2-1/2"]
[WhiteElo "2353"]
[BlackElo "2339"]
[PlyCount "73"]
[EventDate "2001.10.06"]
[EventType "team-tourn"]
[EventRounds "11"]
[EventCountry "AUT"]
[SourceTitle "EXT 2003"]
[Source "ChessBase"]
[SourceDate "2002.11.25"]
[SourceVersion "1"]
[SourceVersionDate "2002.11.25"]
[SourceQuality "1"]

1. e4 c5 2. Nf3 Nc6 3. d4 cxd4 4. Nxd4 Nf6 5. Nc3 e5 6. Ndb5 d6 7. Bg5 a6 8.
Na3 b5 9. Bxf6 gxf6 10. Nd5 f5 11. c3 Bg7 12. exf5 Bxf5 13. Nc2 Be6 14. Nce3
Ne7 15. a4 Nxd5 16. Nxd5 O-O 17. Be2 e4 18. axb5 axb5 19. Rxa8 Qxa8 20. Nb4 d5
21. O-O Qb7 22. Qd2 Rd8 23. Qg5 Qb6 24. Ra1 h6 25. Qh4 d4 26. Ra6 Qc7 27. Nc6
dxc3 28. bxc3 Re8 29. Bxb5 Bxc3 30. Qxh6 Qd6 31. Bf1 Qc5 32. Qh4 Bc8 33. Qg3+
Bg7 34. Qa3 Bf8 35. Qg3+ Bg7 36. Qa3 Bf8 37. Qg3+ 1/2-1/2

[Event "AUT-chT 0102"]
[Site "Austria"]
[Date "2002.01.20"]
[Round "8"]
[White "Moser, Eva"]
[Black "Kotz, Heinz Peter"]
[Result "1-0"]
[WhiteElo "2339"]
[BlackElo "2364"]
[PlyCount "91"]
[EventDate "2001.10.06"]
[EventType "team-tourn"]
[EventRounds "11"]
[EventCountry "AUT"]
[SourceTitle "EXT 2003"]
[Source "ChessBase"]
[SourceDate "2002.11.25"]
[SourceVersion "1"]
[SourceVersionDate "2002.11.25"]
[SourceQuality "1"]

1. g3 g6 2. Bg2 Bg7 3. e4 d6 4. d4 Nf6 5. Ne2 O-O 6. O-O c6 7. h3 Nbd7 8. a4 e5
9. Be3 Re8 10. Nbc3 Qa5 11. Qd2 exd4 12. Bxd4 Nc5 13. Rfe1 Ne6 14. Be3 Qh5 15.
Qxd6 Rd8 16. Qb4 c5 17. Qc4 Nd4 18. Nf4 Qe5 19. Ncd5 Nxd5 20. Nxd5 Qh5 21. Nf4
Qe5 22. Rac1 b6 23. c3 Ne6 24. Rcd1 Bb7 25. Nxe6 Qxe6 26. Qxe6 fxe6 27. Bg5
Rxd1 28. Rxd1 Bc6 29. e5 Bxg2 30. Kxg2 Bxe5 31. Re1 Bg7 32. Rxe6 h6 33. Be3 Kf7
34. Rc6 Re8 35. Rc7+ Re7 36. Rxe7+ Kxe7 37. Kf3 Kd6 38. Ke4 c4 39. g4 Kc6 40.
f4 a5 41. f5 gxf5+ 42. gxf5 b5 43. axb5+ Kxb5 44. Bd4 Bf8 45. Kd5 h5 46. f6 1-0

[Event "AUT-chT 0102"]
[Site "Austria"]
[Date "2002.01.18"]
[Round "6"]
[White "Moser, Eva"]
[Black "Grosar, Aljosa"]
[Result "1/2-1/2"]
[WhiteElo "2339"]
[BlackElo "2460"]
[PlyCount "86"]
[EventDate "2001.10.06"]
[EventType "team-tourn"]
[EventRounds "11"]
[EventCountry "AUT"]
[SourceTitle "EXT 2003"]
[Source "ChessBase"]
[SourceDate "2002.11.25"]
[SourceVersion "1"]
[SourceVersionDate "2002.11.25"]
[SourceQuality "1"]

1. e4 e6 2. d4 d5 3. exd5 exd5 4. Nf3 Nc6 5. Bb5 Bd6 6. c4 dxc4 7. d5 a6 8. Ba4
b5 9. dxc6 bxa4 10. O-O Ne7 11. Qxa4 O-O 12. Nbd2 Rb8 13. a3 Be6 14. Nxc4 Bd5
15. Nd4 Bc5 16. Ne5 Qd6 17. Re1 Rfe8 18. Bf4 Ng6 19. Nf5 Qf6 20. Nxg6 hxg6 21.
Ne3 Bxc6 22. Qc4 Bb6 23. Ng4 Rxe1+ 24. Rxe1 Qf5 25. Ne3 Bxe3 26. Bxe3 Qd5 27.
Qxd5 Bxd5 28. b4 c6 29. Bc5 Rd8 30. f3 Bc4 31. Rc1 Bb5 32. Rc2 Rd3 33. Ra2 Ba4
34. Kf2 Rc3 35. Kg3 Rc1 36. Re2 Bb5 37. Re3 a5 38. Bd6 a4 39. Kf4 Rb1 40. h4
Kh7 41. g4 Rd1 42. Bc5 Rb1 43. Kg3 Bc4 1/2-1/2

[Event "AUT-chT 0102"]
[Site "Austria"]
[Date "2002.01.17"]
[Round "5"]
[White "Kindermann, Stefan"]
[Black "Moser, Eva"]
[Result "1-0"]
[WhiteElo "2514"]
[BlackElo "2339"]
[PlyCount "107"]
[EventDate "2001.10.06"]
[EventType "team-tourn"]
[EventRounds "11"]
[EventCountry "AUT"]
[SourceTitle "EXT 2003"]
[Source "ChessBase"]
[SourceDate "2002.11.25"]
[SourceVersion "1"]
[SourceVersionDate "2002.11.25"]
[SourceQuality "1"]

1. e4 c5 2. Nf3 Nc6 3. Bb5 g6 4. Bxc6 dxc6 5. d3 Bg7 6. h3 Nf6 7. Nc3 O-O 8.
Be3 b6 9. Qd2 e5 10. Bh6 Qd6 11. O-O Ne8 12. Nh2 Nc7 13. Bxg7 Kxg7 14. f4 exf4
15. Rxf4 f5 16. exf5 Bxf5 17. Rh4 Kg8 18. Nf3 Ne8 19. Qh6 Qc7 20. Ng5 Nf6 21.
Nce4 Bxe4 22. dxe4 Rae8 23. Rf1 Qg7 24. Qxg7+ Kxg7 25. e5 Rxe5 26. Nxh7 Nxh7
27. Rxh7+ Kxh7 28. Rxf8 Re2 29. Rf2 Re1+ 30. Kh2 Kg7 31. Rd2 Kf6 32. Kg3 Kf5
33. Kf3 Rf1+ 34. Rf2 Ra1 35. a3 b5 36. h4 a5 37. g4+ Ke5 38. Re2+ Kf6 39. Rd2
Ke5 40. Re2+ Kf6 41. Rd2 Ra2 42. c3 b4 43. axb4 cxb4 44. cxb4 axb4 45. Rc2 c5
46. Rxc5 Rxb2 47. Rc6+ Kf7 48. Rc7+ Ke6 49. Kf4 b3 50. Kg5 Rc2 51. Rb7 b2 52.
Kxg6 Ke5 53. h5 Rc4 54. Kg5 1-0